Kfz-Kennzeichen Thüringen - Statistiken

Allgemein
  • Dieses Quiz wurde 45 mal gespielt
    23 seit der letzten Aktualisierung
  • Das Durchschnittsergebnis liegt bei 18 aus 43
Antwortstatistiken
Kennzeichen Stadt % Korrekt
AP Apolda
67%
APD Apolda
67%
EA Eisenach
67%
EF Erfurt
67%
G Gera
67%
GTH Gotha
67%
IL Ilmenau
67%
IK Ilm-Kreis
67%
J Jena
67%
KYF Kyffhäuserkreis
67%
MGN Meiningen
67%
NDH Nordhausen
67%
SOK Saale-Orla-Kreis
67%
SM Schmalkalden
67%
SÖM Sömmerda
67%
SON Sonneberg
67%
WAK Wartburgkreis
67%
ABG Altenburg
33%
ARN Arnstadt
33%
ART Artern
33%
EIC Eichsfeld
33%
GRZ Greiz
33%
HBN Hildburghausen
33%
MHL Mühlhausen
33%
NH Neuhaus
33%
PN Pößneck
33%
RU Rudolstadt
33%
SHK Saale-Holzland-Kreis
33%
SLF Saalfeld
33%
SLZ Salzungen
33%
SCZ Schleiz
33%
SDH Sondershausen
33%
SHL Suhl
33%
UH Unstrut-Hainich
33%
WE Weimar
33%
ZR Zeulenroda
33%
EIS Eisenberg
0%
HIG Heiligenstadt
0%
LSZ Langensalza
0%
LBS Lobenstein
0%
SLN Schmölln
0%
SRO Stadtroda
0%
WBS Worbis
0%
Keine übereinstimmenden Quizze gefunden
Verteilung der Resultate
Anzahl Personen mit jedem Resultat
Perzentil nach korrekt beantworteten Fragen
Ihre Resultats-Entwicklung
Sie haben dieses Quiz seit der letzten Aktualisierung nicht gespielt